Focus sur: Folcwine - Tolkien - Statistiques

Statistiques générales
  • Ce quiz a été pris 3 fois
  • Le résultat moyen est 6 sur 12
Statistiques - réponses
Informations recherchées Réponses % Correct
Couleur des cheveux Blond
100%
Espèce Homme
67%
Première mention Le Seigneur des Anneaux: Le Retour du Roi
67%
Maison (lignée) Maison d'{Eorl}
67%
Royaume Rohan
67%
Professions et titres Roi du Rohan
67%
Ages durant lequel il vécut Troisième
67%
Cité Edoras
33%
Fengel
33%
Père Folca
33%
Fastred
0%
Fils Folcred
0%
Aucun quiz correspondant
Distribution des résultats
% des personnes avec chaque résultat
Percentile par nombre de réponses
Votre historique - résultats
Vous n’avez pas pris ce quiz